00469nam a2200193 a 4500001001300000003000900013005001700022008004100039020000800080082001600088100002100104245002200125260002900147300000900176500003500185505001000220650002400230700002100254nice12345678IN_TiNIC20260116011632.0050524s1948 lona grp 000 0 eng  ac000a261.27bNOR aNorthcott, Cecil aReligious Liberty aLondonbScm Press c1948 a128p aincludes index and biblioraphy2 aIndex aFreedom of Religion1 aNorthcott, Cecil